000 00652nam a2200193Ia 4500
003 MN-UlNLM
005 20210826175534.0
008 200508t1982||||rur|||||||||||||| ||rus||
040 _aМонгол Улсын Үндэсний номын сан
084 _a84.4Вл
_bД 393
_2NNA
_q84
100 1 _aДефо, Даниэль
245 0 _aЖизнь, необыкнов. и удивит. приключения Робинзона Крузо
_cПер. с англ. М. А. Шишмаревой
260 1 _c1982
_aЕреван
_bЛуйс
300 _a246c
546 _aRussia
653 _aУран зохиол
942 _cBK
999 _c136277
_d136334